Los monjes españoles en la Edad Media / (Record no. 120075)

MARC details
000 -LEADER
campo de control de longitud fija 00440nam a2200157 4500
001 - NÚMERO DE CONTROL
campo de control 120075
003 - IDENTIFICADOR DE NÚMERO DE CONTROL
campo de control ES-MaACL
007 - CAMPO FIJO DE DESCRIPCIÓN FÍSICA--INFORMACIÓN GENERAL
campo de control de longitud fija t|
008 - DATOS DE LONGITUD FIJA--INFORMACIÓN GENERAL
campo de control de longitud fija 070214n19001990sp r ||||1| spa d
100 1# - ENTRADA PRINCIPAL--NOMBRE DE PERSONA
Nombre de persona Pérez de Urbel, Justo.
9 (RLIN) 90812
245 14 - MENCIÓN DEL TÍTULO
Título Los monjes españoles en la Edad Media /
Mención de responsabilidad, etc. Justo Pérez de Urbel.
250 ## - MENCION DE EDICION
Mención de edición 2ª. ed.
260 ## - PUBLICACIÓN, DISTRIBUCIÓN, ETC.
Lugar de publicación, distribución, etc. Madrid :
Nombre del editor, distribuidor, etc. Ancla,
Fecha de publicación, distribución, etc. [19__?]
300 ## - DESCRIPCIÓN FÍSICA
Extensión 2 t. ;
Dimensiones 21 cm.
852 ## - LOCALIZACIÓN
Ubicación ES-MaACL
Número de control de estantería C-5907-8
Sublocalización o colección R.34750
Holdings
Estatus retirado Estado de pérdida Estado de daño No para préstamo Biblioteca de origen Biblioteca actual Ubicación en estantería Fecha de adquisición Fuente de adquisición Total de préstamos Signatura topográfica completa Código de barras Visto por última vez Precio de reemplazo Tipo de ítem Koha
        Biblioteca del Ateneo de Madrid Biblioteca del Ateneo de Madrid Sala Palomar 17/01/2008     C-5907-8 1125159 23/02/2023 23/02/2023 Libro impreso